书目信息 |
| 题名: |
汽车智能化技术原理
|
|
| 作者: | 张秀彬 , 应俊豪 著 | |
| 分册: | ||
| 出版信息: | 上海 上海交通大学出版社 2011.03 |
|
| 页数: | 215页 | |
| 开本: | 214cm | |
| 丛书名: | ||
| 单 册: | ||
| 中图分类: | U463 | |
| 科图分类: | ||
| 主题词: | 汽车--qi che--智能控制 | |
| 电子资源: | ||
| ISBN: | 978-7-313-07046-3 | |
| 000 | 00958nam0 2200265 450 | |
| 001 | 012011548453 | |
| 005 | 20111117152115.12 | |
| 010 | @a978-7-313-07046-3@b精装@dCNY48.00 | |
| 100 | @a20111117d2011 em y0chiy0120 ea | |
| 101 | 0 | @achi |
| 102 | @aCN@b310000 | |
| 105 | @aak a 000yy | |
| 106 | @ar | |
| 200 | 1 | @a汽车智能化技术原理@Aqi che zhi neng hua ji shu yuan li@f张秀彬, 应俊豪著@Fzhang xiu bin,ying jun hao zhu |
| 210 | @a上海@c上海交通大学出版社@d2011.03 | |
| 215 | @a215页@c图@d214cm | |
| 300 | @a上海交通大学学术出版社基金资助 | |
| 320 | @a有书目 (第208-212页) | |
| 330 | @a本书从现代传感与智能控制的角度出发,以汽车智能化技术的最新研究成果为背景,采用智能视感安全驾驶、对危险驾驶的智能检控等归类方法来阐述汽车智能化技术原理。 | |
| 606 | 0 | @a汽车@Aqi che@x智能控制 |
| 690 | @aU463@v4 | |
| 701 | 0 | @a张秀彬@Azhang xiu bin@4著 |
| 701 | 0 | @a应俊豪@Aying jun hao@4著 |
| 801 | 0 | @aCN@bQSSK@c20111117 |
| 905 | @b795189-91@dU463@eZ210@f3 | |
| 汽车智能化技术原理/张秀彬, 应俊豪著.-上海:上海交通大学出版社,2011.03 |
| 215页:图;214cm |
| 上海交通大学学术出版社基金资助 |
| ISBN 978-7-313-07046-3(精装):CNY48.00 |
| 本书从现代传感与智能控制的角度出发,以汽车智能化技术的最新研究成果为背景,采用智能视感安全驾驶、对危险驾驶的智能检控等归类方法来阐述汽车智能化技术原理。 |
| ● |
| 相关链接 |
|
|
|
正题名:汽车智能化技术原理
索取号:U463/Z210
 
预约/预借
| 序号 | 登录号 | 条形码 | 馆藏地/架位号 | 状态 | 备注 |
| 1 | 795189 | 207951894 | 自科库501/501自科库 56排1列4层/ [索取号:U463/Z210] | 在馆 | |
| 2 | 795190 | 207951901 | 期刊室512/501自科库 85排2列5层/ [索取号:U463/Z210] | 在馆 | |
| 3 | 795191 | 207951910 | 自科库501/501自科库 56排1列4层/ [索取号:U463/Z210] | 在馆 |